000 00817nam a2200193 a 4500
001 000037969
005 20250527115319.0
008 090908s19uu dr a 000 0 spa d
040 _aDO-SdBNP
_bspa
_cBNPHU
082 _axxxx
_bxxxx
100 1 _aGuillermo, Edgar
_918632
245 1 0 _aCompendio de administración :
_bteoría y práctica /
_cEdgar Guillermo, Eleido Rodríguez, William Rodríguez.
260 _aSanto Domingo:,
_c[199-?].
300 _a211 p. : ;
_c22 cm.
504 _aBibliografía : p. 209-211
505 0 _tConceptos generales de administración --
_tLa historia de la administración --
_tEl proceso administrativo --
_tLos objetivos y la toma de decisiones --
_tLa planeación en la administración --
650 0 _aAdministración industrial
_95872
650 0 _aPlanificación empresarial
_91780
999 _c37459
_d37459